¿Cómo elaborar material didáctico con Recursos del Medio en el Nivel Inicial? (Record no. 8640)

MARC details
000 -LEADER
campo de control de longitud fija 00442nam a2200133Ia 4500
001 - NÚMERO DE CONTROL
campo de control 812
008 - DATOS DE LONGITUD FIJA--INFORMACIÓN GENERAL
campo de control de longitud fija 241024s9999 xx 000 0 und d
082 ## - NÚMERO DE LA CLASIFICACIÓN DECIMAL DEWEY
Número de clasificación RD/372.97293/R426c
100 ## - ENTRADA PRINCIPAL--NOMBRE DE PERSONA
Nombre de persona República Dominicana.Secretaria de Estado de Educación.Plan Decenal Inicial
245 #0 - MENCIÓN DEL TÍTULO
Título ¿Cómo elaborar material didáctico con Recursos del Medio en el Nivel Inicial?
260 ## - PUBLICACIÓN, DISTRIBUCIÓN, ETC.
Nombre del editor, distribuidor, etc. Santo Domingo
Fecha de publicación, distribución, etc. 1999
901 ## - ELEMENTOS DE DATOS A LOCAL LDA (RLIN)
a 3/12/2010 9:34:21 a.m.

No items available.

© 2024. Todos los Derechos Reservados. Desarrollado por IDEICE